000 00676cam a2200217 i 4500
999 _c59805
_d59805
001 18569958
003 Ge_BSU
005 20230421125725.0
008 150409s2014 enk b 001 0 eng
020 _a9780199328710
041 _aeng
080 _a159.97 the -44
245 0 0 _aThe Oxford handbook of clinical psychology /
_cedited by David H. Barlow.
250 _aUpdated edition.
264 1 _aOxford ;
_bOxford University Press,
_c2014.
300 _a945 pages :
_billustrations ;
_c26 cm.
490 0 _aOxford library of psychology
653 _aფსიქოლოგია
700 1 _aBarlow, David H.
_eრედაქტორი
_917714
942 _2udc
_cBK